| 000 -LEADER |
| fixed length control field |
01272 a2200265 4500 |
| 003 - CONTROL NUMBER IDENTIFIER |
| control field |
OSt |
| 005 - DATE AND TIME OF LATEST TRANSACTION |
| control field |
20180116192335.0 |
| 008 - FIXED-LENGTH DATA ELEMENTS--GENERAL INFORMATION |
| fixed length control field |
120419t xxu||||| |||| 00| 0 eng d |
| 020 ## - INTERNATIONAL STANDARD BOOK NUMBER |
| International Standard Book Number |
3764358610 (hardcover) |
| 020 ## - INTERNATIONAL STANDARD BOOK NUMBER |
| International Standard Book Number |
9783764358617 (hardcover) |
| 040 ## - CATALOGING SOURCE |
| Transcribing agency |
0 |
| 082 04 - DEWEY DECIMAL CLASSIFICATION NUMBER |
| Classification number |
720.47 |
| 100 1# - MAIN ENTRY--PERSONAL NAME |
| Personal name |
Daniels, Klaus. |
| 9 (RLIN) |
766 |
| 245 10 - TITLE STATEMENT |
| Title |
Low tech, light tech, high tech / |
| Statement of responsibility, etc. |
Klaus Daniels. |
| 260 ## - PUBLICATION, DISTRIBUTION, ETC. |
| Place of publication, distribution, etc. |
Boston |
| Name of publisher, distributor, etc. |
Birkh�user Basel, |
| Date of publication, distribution, etc. |
1998. |
| 300 ## - PHYSICAL DESCRIPTION |
| Extent |
238 p. ; |
| Other physical details |
ill;. |
| Dimensions |
31 cm. |
| 500 ## - GENERAL NOTE |
| General note |
Includes bibliographycal refrences & indexe |
| 520 ## - SUMMARY, ETC. |
| Summary, etc. |
This book looks at the challenges facing architects and urban planners in contemporary society. It analyzes current trends, future scenarios and solutions from the past, providing detailed information on what it means to build in a sustainable, ecologically sound way, whilst making full use of the technology which we now have at our fingertips. |
| 650 ## - SUBJECT ADDED ENTRY--TOPICAL TERM |
| Topical term or geographic name entry element |
Architecture |
| General subdivision |
Environmental aspects |
| 9 (RLIN) |
767 |
| 650 ## - SUBJECT ADDED ENTRY--TOPICAL TERM |
| Topical term or geographic name entry element |
Architecture |
| General subdivision |
Technological innovations |
| 9 (RLIN) |
768 |
| 650 ## - SUBJECT ADDED ENTRY--TOPICAL TERM |
| Topical term or geographic name entry element |
Architecture and technology |
| 9 (RLIN) |
769 |
| 856 40 - ELECTRONIC LOCATION AND ACCESS |
| Materials specified |
Amazon.com |
| Uniform Resource Identifier |
<a href="http://www.amazon.com/exec/obidos/ASIN/3764358610/chopaconline-20">http://www.amazon.com/exec/obidos/ASIN/3764358610/chopaconline-20</a> |
| 942 ## - ADDED ENTRY ELEMENTS (KOHA) |
| Institution code [OBSOLETE] |
SADA |
| Koha item type |
Book |
| Call number prefix |
720.47 DAN 1998 |
| Source of classification or shelving scheme |
|